| 000 | 00517nam a2200205Ia 4500 | ||
|---|---|---|---|
| 003 | OSt | ||
| 005 | 20140403111435.0 | ||
| 008 | 140130s9999 xx 000 0 und d | ||
| 020 | _a9780590447362 | ||
| 050 |
_aPZ 7 _b.B7633Clv 1991 |
||
| 100 |
_aBridwell, Norman. _923197 |
||
| 245 |
_cNorman Bridwell. _aClifford's Bedtime / |
||
| 260 |
_bScholastic Inc, _aUSA : _cc1991. |
||
| 300 |
_a12 p. : _bill. col. ; _c10 cm. |
||
| 521 | _aBR | ||
| 526 | _cBR | ||
| 942 |
_cBK _2lcc |
||
| 999 |
_c41469 _d41469 |
||